Employment act 1955 (act 265) : regulations and orders & selected legislation

Bibliographic Details
Corporate Authors: Malaysia, Lembaga Penyelidikan Undang-undang
Format: Book
Published: Selangor : International Law Book Services , 2018
Subjects:

MARC

LEADER 00000cam a2200000 7i4500
001 0000227573
005 20190212.0
020 |a 9789678927000 
090 0 0 |a 344.595011   |b MAL 
110 0 |a Malaysia   |c Jurisdiction governed 
245 0 0 |a Employment act 1955 (act 265) :   |b regulations and orders & selected legislation 
260 |a Selangor :   |b International Law Book Services ,   |c 2018 
300 |a 315p ;   |c 24cm. 
650 0 |a Child labor   |x Law and legislation   |z Malaysia 
650 0 |a Industrial lows and legistation   |z Malaysia 
650 0 |a Labor laws and legislation   |z Malaysia 
710 1 |a Lembaga Penyelidikan Undang-undang 
999 |a 00363375   |b BUKU   |c AKTA   |e PERPUSTAKAAN KOMUNITI PETALING JAYA